ბათუმის შოთა რუსთაველის სახელმწიფო უნივერსიტეტის ბიბლიოთეკა

Educating students with autism spectrum disorders : (ბიბ.ჩანაწერი № 57874)

000 -LEADER
fixed length control field 01143cam a22002654a 4500
001 - CONTROL NUMBER
control field 16611993
005 - DATE AND TIME OF LATEST TRANSACTION
control field 20221107151850.0
008 - FIXED-LENGTH DATA ELEMENTS--GENERAL INFORMATION
fixed length control field 110114s2012 nyua b 001 0 eng
020 ## - INTERNATIONAL STANDARD BOOK NUMBER
International Standard Book Number 9780415877572 (pbk.) X
041 ## - LANGUAGE CODE
Language code of text/sound track or separate title eng
080 ## - UNIVERSAL DECIMAL CLASSIFICATION NUMBER
Universal Decimal Classification number 37 + 616.896
245 00 - TITLE STATEMENT
Title Educating students with autism spectrum disorders :
Remainder of title research-based principles and practices /
Statement of responsibility, etc. edited by Dianne Zager, Michael L. Wehmeyer, and Richard L. Simpson.
264 ## - PRODUCTION, PUBLICATION, DISTRIBUTION, MANUFACTURE, AND COPYRIGHT NOTICE
Place of production, publication, distribution, manufacture New York :
Name of producer, publisher, distributor, manufacturer Routledge,
Date of production, publication, distribution, manufacture, or copyright notice 2012.
300 ## - PHYSICAL DESCRIPTION
Extent 337 p. :
Other physical details ill. ;
Dimensions 26 cm.
650 #0 - SUBJECT ADDED ENTRY--TOPICAL TERM
Topical term or geographic name entry element Autism.
9 (RLIN) 618
650 #0 - SUBJECT ADDED ENTRY--TOPICAL TERM
Topical term or geographic name entry element Inclusive education.
9 (RLIN) 10652
653 ## - INDEX TERM--UNCONTROLLED
keyword აუტიზმის სპექტრის აშლილობის მქონე სტუდენტების განათლება
653 ## - INDEX TERM--UNCONTROLLED
keyword მედიცინა
653 ## - INDEX TERM--UNCONTROLLED
keyword პედაგოგიკა
653 ## - INDEX TERM--UNCONTROLLED
keyword განათლება
700 1# - ADDED ENTRY--PERSONAL NAME
Personal name Berkell Zager, Dianne,
Dates associated with a name 1948-
Relator term რედაქტორი
9 (RLIN) 10653
700 1# - ADDED ENTRY--PERSONAL NAME
Personal name Wehmeyer, Michael L.
Relator term რედაქტორი
9 (RLIN) 10654
700 1# - ADDED ENTRY--PERSONAL NAME
Personal name Simpson, Richard L.
Relator term რედაქტორი
9 (RLIN) 10655
942 ## - ADDED ENTRY ELEMENTS (KOHA)
Source of classification or shelving scheme
Koha item type წიგნი
ეგზემპლარები
Withdrawn status Lost status Source of classification or shelving scheme Damaged status Not for loan Permanent Location Current Location Shelving location Date acquired Cost, normal purchase price Full call number Barcode Date last seen Copy number Price effective from Koha item type Public note
          ბათუმის შოთა რუსთაველის სახელმწიფო უნივერსიტეტის მთავარი ბიბლიოთეკა ბათუმის შოთა რუსთაველის სახელმწიფო უნივერსიტეტის მთავარი ბიბლიოთეკა წიგნსაცავი 2021-03-23 227.00 37 + 616.896 61259 2021-03-23 61259 2021-03-23 წიგნი 227 ლ.